Ilava

Zobrazenie: pohľad z diaľky na mesto

Bibliographic Details
Format: Postcard
Language:Slovak
PhysicalDescription:1 pohľadnica čiernobiela 14 x 9 cm
Published: [Slovensko?] [vydavateľ neznámy] 1940
Subjects:

MARC

LEADER 00000ckm a2200000 a 4500
001 vtls009968997
003 SK-MaSNL
005 20260512122014.0
007 kp bo
008 231214s1940 xo g kuslo
015 |a SNBG1940 
035 |a urn:nbn:sk:snk-km00bkbf 
035 |a urn:nbn:sk:snk-km3lmw0 
035 |a 16A45882-CC42-4C7D-AC6A-5AA0F63039F7 
040 |a SNK  |b slo  |c SNK  |e AACR2 
041 0 |a slo 
043 |a e-xo--- 
044 |a xo  |c SK 
080 |a 913(437.613)  |2 2008 
080 |a (084.121)  |2 2011 
245 0 0 |a Ilava  |h grafika 
260 |a [Slovensko?]  |b [vydavateľ neznámy]  |c 1940 
300 |a 1 pohľadnica  |b čiernobiela  |c 14 x 9 cm 
520 8 |a Zobrazenie: pohľad z diaľky na mesto 
651 7 |a Ilava (Slovensko)  |2 SNKPH  |9 69590 
655 7 |a miestne pohľadnice  |2 SNKPH  |9 70510 
852 |a Slovenská národná knižnica 
958 |a GC 
958 |a GBN 
958 |a OND 
999 |c 574007  |d 575937 
952 |a SNK  |b SNK  |y PREZ  |7 0  |p 17A0629620  |o snkSP 13879  |3 rekatalogizácia  |0 0  |1 0  |4 0  |d 2009-11-11  |l 0  |r 2026-02-23 14:27:07  |w 2026-02-23